Régions administratives du Québec par PIB - Statistiques

Statistiques générales
  • Ce quiz a été pris 10 fois
  • Le résultat moyen est 7 sur 17
Statistiques - réponses
PIB Région % Correct
150,6 G$ Montréal
89%
65,4 G$ Montérégie
67%
41,2 G$ Capitale-Nationale
56%
19 G$ Chaudière-Appalaches
56%
17,6 G$ Laval
56%
3,5 G$ Gaspésie-Îles-de-la-Madeleine
44%
23,8 G$ Laurentides
44%
14,8 G$ Outaouais
44%
8,7 G$ Abitibi-Témiscamingue
33%
10,6 G$ Centre-du-Québec
33%
13,5 G$ Estrie
33%
15,4 G$ Lanaudière
33%
10,2 G$ Mauricie
33%
5 G$ Nord-du-Québec
33%
11,8 G$ Saguenay-Lac-Saint-Jean
33%
7,9 G$ Bas-Saint-Laurent
22%
7,4 G$ Côte-Nord
22%
Aucun quiz correspondant
Distribution des résultats
% des personnes avec chaque résultat
Percentile par nombre de réponses
Votre historique - résultats
Vous n’avez pas pris ce quiz